| 000 | 00304nam a2200109Ia 4500 | ||
|---|---|---|---|
| 008 | 220217s9999||||xx |||||||||||||| ||und|| | ||
| 100 |
_aRobbins, Arnold _93617 |
||
| 245 | 0 | _aAWK programming | |
| 260 |
_aSPD publications _bNew Delhi _c2002 |
||
| 300 |
_aXI, 421p. _b325 |
||
| 650 | _aPROGRAMMING LANGUAGE | ||
| 999 |
_c172281 _d172281 |
||